000 00412nam a2200145Ia 4500
008 210210b1978 xxu||||| |||| 00| 0 eng d
082 _a540 DILC
100 _aDILLARD (Clyde R) & GOLDBERG (David E).
245 _aChemistry: reactions structure and properties.
260 _aNew York
_bMacmillan Publishers Ltd.
_c1978
300 _axxii,756
650 _aChemistry
690 _aChemistry
906 _aCC00272
999 _c109162
_d109162